[Event "Sinergia 07 email"]
[Site "Argentina"]
[Date "2000.12.10"]
[Round "6"]
[White "Albacetti, Sergio"]
[Black "Rivas, Ramon"]
[Result "0-1"]
[WhiteElo "964"]
[BlackElo "1003"]
[PlyCount "54"]
[EventDate "2000.12.10"]
[EventType "tourn (corr)"]
[EventRounds "6"]
[EventCountry "ARG"]
[SourceTitle "Corr 2006"]
[Source "ChessBase"]
[SourceDate "2006.04.01"]
[SourceVersion "3"]
[SourceVersionDate "2006.04.01"]
[SourceQuality "1"]

1. e4 e5 2. Nf3 Nf6 3. d4 exd4 4. e5 Ne4 5. Qxd4 d5 6. exd6 Nxd6 7. Qe5+ Qe7 8. Nc3 Nc6 9. Qxe7+ Bxe7 10. Bf4 Nb4 11. Kd2 0-0 12. a3 Nc6 13. g4 Bxg4 14. Ng1 Bf6 15. Nd5 Bxb2 16. Re1 Rad8 17. c4 Bxa3 18. Re3 Bc5 19. h3 Bxe3+ 20. Bxe3 Nxc4+ 21. Bxc4 Be6 22. Nf3 Rxd5+ 23. Kc3 b5 24. Be2 a5 25. Kb2 Rfd8 26. Re1 Bxh3 27. Rh1 Bg4 0-1

[Event "Sinergia 04 email"]
[Site "Argentina"]
[Date "2000.08.01"]
[Round "1"]
[White "Barahona, Sergio"]
[Black "Albacetti, Sergio"]
[Result "1-0"]
[WhiteElo "1000"]
[BlackElo "1000"]
[PlyCount "65"]
[EventDate "2000.08.01"]
[EventType "tourn (corr)"]
[EventRounds "6"]
[EventCountry "ARG"]
[SourceTitle "Corr 2006"]
[Source "ChessBase"]
[SourceDate "2006.04.01"]
[SourceVersion "3"]
[SourceVersionDate "2006.04.01"]
[SourceQuality "1"]

1. e4 c6 2. d4 Nf6 3. e5 Nd5 4. c4 Nb6 5. f4 d5 6. c5 N6d7 7. Bd3 g6 8. f5 Bg7 9. fxg6 fxg6 10. Nf3 Qc7 11. 0-0 Na6 12. Bxa6 bxa6 13. Ng5 Nxe5 14. dxe5 Qxe5 15. Kh1 Bf6 16. Nf3 Qc7 17. Nc3 Bg4 18. Bh6 Rb8 19. Qd2 Bxf3 20. Rxf3 Bxc3 21. Qxc3 e5 22. Raf1 Rd8 23. Rf6 Qe7 24. Qh3 Rd7 25. Rf7 Qxf7 26. Rxf7 Rxf7 27. Qc8+ Ke7 28. Bg5+ Rf6 29. Qxh8 Kd7 30. Qxf6 Kc7 31. Qxe5+ Kb7 32. Bd8 Ka8 33. Qc7 1-0